Lequel de ces Pokémon... - Choix Multiples - Statistiques

Statistiques générales
  • Ce quiz a été pris 61 fois
    52 depuis la dernière actualisation
  • Le résultat moyen est 8 sur 15
Statistiques - réponses
Question Réponse % Correct
Peut se changer en un autre Pokémon Métamorph
100%
Possède 5000 de QI Alakazam
90%
Est apparu dans la huitième génération Les 3
76%
Est immunisé aux attaques de type Normal Sinistrail
67%
Possède plusieurs Méga-Évolutions Les 3
65%
Est de type Eau Kabutops
61%
N'a pas été inventé par le créateur du quiz Chef-de-Fer
59%
Est uniquement mâle Gallame
59%
Est un légendaire Cresselia
45%
Évolue grâce à une pierre Foudre Têtampoule
43%
Pèse plus de 900kg Les 3
41%
Peut être choisi comme Pokémon de départ Mentali
35%
Possède le même nom en anglais Arbok
22%
A comme catégorie "Pokémon 5 étoiles" Coxyclaque
12%
Est classifié comme étant de couleur violette dans le Pokédex Sucreine
12%
Aucun quiz correspondant
Distribution des résultats
% des personnes avec chaque résultat
Percentile par nombre de réponses
Votre historique - résultats
Vous n’avez pas pris ce quiz depuis la dernière actualisation